书目信息 |
| 题名: |
多元统计分析
|
|
| 作者: | 何晓群 编著 | |
| 分册: | ||
| 出版信息: | 北京 中国人民大学出版社 2019.11 |
|
| 页数: | 260页 | |
| 开本: | 26cm | |
| 丛书名: | ||
| 单 册: | ||
| 中图分类: | O212.4 | |
| 科图分类: | ||
| 主题词: | 多元分析--duo yuan fen xi--统计分析--高等学校--教材 | |
| 电子资源: | ||
| ISBN: | 978-7-300-26858-3 | |
| 000 | 01178nam0 2200265 450 | |
| 001 | 2030338335 | |
| 005 | 20201122090730.97 | |
| 010 | @a978-7-300-26858-3@dCNY39.00 | |
| 100 | @a20190703d2019 em y0chiy50 ea | |
| 101 | 0 | @achi |
| 102 | @aCN@b110000 | |
| 105 | @ay z 000yy | |
| 106 | @ar | |
| 200 | 1 | @a多元统计分析@9duo yuan tong ji fen xi@dMultivariate statistical analysis@f何晓群编著@zeng |
| 205 | @a5版 | |
| 210 | @a北京@c中国人民大学出版社@d2019.11 | |
| 215 | @a260页@d26cm | |
| 300 | @a21世纪统计学系列教材“十二五”普通高等教育本科国家级规划教材 | |
| 330 | @a本书共11章,主要内容包括多元正态分布、均值向量和协方差阵的检验、聚类分析、判别分析、主成分分析、因子分析、对应分析、典型相关分析等常见的主流方法,还参考国内外大量文献系统介绍了近年来在市场研究、顾客满意度研究、金融研究、环境研究等领域应用颇广的较新方法,包括定性数据的建模分析、对数线性模型、Logistic回归、多变量的图表示法、多维标度法等。 | |
| 510 | 1 | @aMultivariate statistical analysis@zeng |
| 606 | 0 | @a多元分析@9duo yuan fen xi@x统计分析@x高等学校@j教材 |
| 690 | @aO212.4@v5 | |
| 701 | 0 | @a何晓群@9he xiao qun@4编著 |
| 801 | 0 | @aCN@bBJSZM@c20201120 |
| 905 | @b1243191-4@dO212.4@e153=5@f4 | |
| 多元统计分析=Multivariate statistical analysis/何晓群编著.-5版.-北京:中国人民大学出版社,2019.11 |
| 260页;26cm |
| 21世纪统计学系列教材“十二五”普通高等教育本科国家级规划教材 |
| ISBN 978-7-300-26858-3:CNY39.00 |
| 本书共11章,主要内容包括多元正态分布、均值向量和协方差阵的检验、聚类分析、判别分析、主成分分析、因子分析、对应分析、典型相关分析等常见的主流方法,还参考国内外大量文献系统介绍了近年来在市场研究、顾客满意度研究、金融研究、环境研究等领域应用颇广的较新方法,包括定性数据的建模分析、对数线性模型、Logistic回归、多变量的图表示法、多维标度法等。 |
| ● |
| 相关链接 |
|
|
|
|
正题名:多元统计分析
索取号:O212.4/153=5
 
预约/预借
| 序号 | 登录号 | 条形码 | 馆藏地/架位号 | 状态 | 备注 |
| 1 | 1243191 | 212431910 | 第二样本阅览室/ [索取号:O212.4/153=5] | 在馆 | |
| 2 | 1243192 | 212431929 | 第三借阅区/ [索取号:O212.4/153=5] | 在馆 | |
| 3 | 1243193 | 212431938 | 第三借阅区/ [索取号:O212.4/153=5] | 在馆 | |
| 4 | 1243194 | 212431947 | 第三借阅区/ [索取号:O212.4/153=5] | 在馆 |